Ángeles Espinosa : (Registro nro. 27052)
[ vista simple ]
| 000 -LEADER | |
|---|---|
| fixed length control field | 01432cam a2200349 i 4500 |
| 001 - CONTROL NUMBER | |
| control field | 27052 |
| 003 - CONTROL NUMBER IDENTIFIER | |
| control field | Mx-PuUPA |
| 005 - DATE AND TIME OF LATEST TRANSACTION | |
| control field | 20230711103523.0 |
| 008 - FIXED-LENGTH DATA ELEMENTS--GENERAL INFORMATION | |
| fixed length control field | 140415s2022 mx ao gr 000 0bspa d |
| 020 ## - INTERNATIONAL STANDARD BOOK NUMBER | |
| International Standard Book Number | 9786079994105 |
| 040 ## - CATALOGING SOURCE | |
| Transcribing agency | Mx-PuUPA |
| Original cataloging agency | Mx-PuUPA |
| Language of cataloging | spa |
| Modifying agency | Mx-PuUPA |
| Description conventions | rda |
| 041 0# - LANGUAGE CODE | |
| Language code of text/sound track or separate title | spa |
| 100 1# - MAIN ENTRY--PERSONAL NAME | |
| Personal name | Maldonado, Miguel, |
| 9 (RLIN) | 14441 |
| Relator term | autor |
| 245 10 - TITLE STATEMENT | |
| Title | Ángeles Espinosa : |
| Remainder of title | ángel custodio de Puebla / |
| Statement of responsibility, etc. | Miguel Maldonado ; presentación, Manuel Alonso Espinosa ; prólogo, Pedro Ángel Palou ; introducción, Miguel Maldonado |
| 264 #1 - PRODUCTION, PUBLICATION, DISTRIBUTION, MANUFACTURE, AND COPYRIGHT NOTICE | |
| Place of production, publication, distribution, manufacture | México : |
| Name of producer, publisher, distributor, manufacturer | Destrezas Ediciones, |
| Date of production, publication, distribution, manufacture, or copyright notice | 2022 |
| 300 ## - PHYSICAL DESCRIPTION | |
| Extent | 179 páginas : |
| Other physical details | ilustraciones, fotografías ; |
| Dimensions | 33 cm |
| 336 ## - CONTENT TYPE | |
| Fuente | rdacontent |
| Content type term | texto |
| Content type code | txt |
| 337 ## - MEDIA TYPE | |
| Source | rdamedia |
| Media type term | sin medio |
| Media type code | n |
| 338 ## - CARRIER TYPE | |
| Source | rdacarrier |
| Carrier type term | volumen |
| Carrier type code | nc |
| 600 14 - SUBJECT ADDED ENTRY--PERSONAL NAME | |
| Personal name | Espinosa Yglesias Rugarcía, Ángeles, |
| General subdivision | Reformadora social |
| Chronological subdivision | 1942-2007 |
| 650 #7 - SUBJECT ADDED ENTRY--TOPICAL TERM | |
| Source of heading or term | armarc |
| Topical term or geographic name entry element | Fundaciones benéficas |
| Geographic subdivision | Puebla |
| -- | México |
| General subdivision | Historia |
| 650 #7 - SUBJECT ADDED ENTRY--TOPICAL TERM | |
| Source of heading or term | armarc |
| Topical term or geographic name entry element | Patrimonio cultural |
| Geographic subdivision | Puebla (México) |
| 650 #7 - SUBJECT ADDED ENTRY--TOPICAL TERM | |
| Source of heading or term | armarc |
| Topical term or geographic name entry element | Fundaciones familiares |
| Geographic subdivision | Puebla |
| 700 1# - ADDED ENTRY--PERSONAL NAME | |
| Personal name | Alonso Espinosa, Manuel, |
| Relator term | presentador |
| 700 1# - ADDED ENTRY--PERSONAL NAME | |
| Personal name | Palou, Pedro Ángel, |
| Relator term | prologuista |
| 700 1# - ADDED ENTRY--PERSONAL NAME | |
| Personal name | Maldonado, Miguel, |
| Relator term | autor de introducción |
| 9 (RLIN) | 14441 |
| 942 ## - ADDED ENTRY ELEMENTS (KOHA) | |
| Source of classification or shelving scheme | Dewey Decimal Classification |
| Koha item type | Libro |
| Classification part | 361.74092 |
| Item part | E77 |
| Withdrawn status | Lost status | Source of classification or shelving scheme | Damaged status | Not for loan | Collection code | Home library | Current library | Shelving location | Date acquired | Source of acquisition | Total Checkouts | Full call number | Barcode | Date last seen | Copy number | Price effective from | Koha item type |
|---|---|---|---|---|---|---|---|---|---|---|---|---|---|---|---|---|---|
| Dewey Decimal Classification | General | Angelópolis | Angelópolis | Sala general | 06/07/2023 | 361.74092 E77 2022 | 965000000049 | 06/07/2023 | 06/07/2023 | Libro | |||||||
| Dewey Decimal Classification | General | Atlixco | Atlixco | Sala general | 06/07/2023 | 361.74092 E77 2022 | 962000000006 | 06/07/2023 | 06/07/2023 | Libro | |||||||
| Dewey Decimal Classification | Referencia | Biblioteca Karol Wojtyla | Biblioteca Karol Wojtyla | Área de silencio | 03/12/2013 | Compra | 361.74092 E77 2022 | 46827 | 05/01/2026 | Ej.2 | 03/12/2013 | Folio | |||||
| Dewey Decimal Classification | General | Cholula | Cholula | Sala general | 06/07/2023 | 361.74092 E77 2022 | 964000000025 | 06/07/2023 | 06/07/2023 | Libro | |||||||
| Dewey Decimal Classification | General | Huamantla | Huamantla | Sala general | 06/07/2023 | 361.74092 E77 2022 | 967000000010 | 06/07/2023 | 06/07/2023 | Libro | |||||||
| Dewey Decimal Classification | General | Lomas de Angelópolis | Lomas de Angelópolis | Sala general | 06/07/2023 | 361.74092 E77 2022 | 216400000094 | 06/07/2023 | 06/07/2023 | Libro | |||||||
| Dewey Decimal Classification | General | Preparatoria Sur | Preparatoria Sur | Sala general | 06/07/2023 | 361.74092 E77 2022 | 961000000030 | 06/07/2023 | 06/07/2023 | Libro | |||||||
| Dewey Decimal Classification | General | San Martín | San Martín | Sala general | 06/07/2023 | 361.74092 E77 2022 | 963000000005 | 06/07/2023 | 06/07/2023 | Libro | |||||||
| Dewey Decimal Classification | General | Santa Ana | Santa Ana | Sala general | 06/07/2023 | 361.74092 E77 2022 | 966000000005 | 06/07/2023 | 06/07/2023 | Libro | |||||||
| Dewey Decimal Classification | General | Santiago | Santiago | Sala general | 06/07/2023 | 361.74092 E77 2022 | 960000000073 | 06/07/2023 | 06/07/2023 | Libro | |||||||
| Dewey Decimal Classification | General | Tehuacán | Tehuacán | Sala general | 06/07/2023 | 361.74092 E77 2022 | 968000001485 | 16/04/2024 | 06/07/2023 | Libro |